00202 a2200085 4500020001500000100002100015245005200036260002000088300000800108 a0170090396 aAlan R Nankervis aReadings in Strategic Human Resource Management aNew South Wales a412